• 首页
  • 本馆介绍
  • 公告通知
  • 最新文献
  • 馆藏检索
  • 电子资源
  • 读者导购
  • 参考咨询
  • 我的图书馆
  • 登录
  • 详细信息显示
  • 放入我的书架
  • 预约/预借图书
  • 作者相关作品
  • 分类相关作品
  • 丛书相关作品
  • 出版社相关作品

书目信息

  • 表格格式
  • 工作单格式
  • 卡片格式
题名:
《资本论》中几个基本原理的通俗讲话
    
 
作者: 张国忠 编著
分册:  
出版信息: 北京   物资出版社  1983
页数: 190页
开本: 19cm
丛书名:
单 册:
中图分类: A811.23 , A81
科图分类:
主题词: 马克思著作研究-资本论 , 马克思主义政治经济学--研究
电子资源:
ISBN:
000 00754nam0 2200265 45
001 1257985266
005 20090929162510.20
010    @dCNY0.70
091    @aCN@b4254.039
100    @a19950524d1983 emay0chiy0121 ea
101 0  @achi
102    @aCN@b110000
105    @ay z 000yy
200 12 @a《资本论》中几个基本原理的通俗讲话@A《 zi ben lun》 zhong ji ge ji ben yuan li de tong su jiang hua@f张国忠编著
210    @a北京@c物资出版社@d1983
215    @a190页@d19cm
605    @a资本论-马克思著作研究
606 0  @a马克思著作研究-资本论
606 0  @a马克思主义政治经济学@x研究
690    @aA811.23@v3
690    @aA81@v4
701  0 @a张国忠@Azhang guo zhong@4编著
801  0 @aCN@bTSSF
801  2 @aCN@bNLC
905    @a10447@dA81@eJY10
    
    《资本论》中几个基本原理的通俗讲话/张国忠编著.-北京:物资出版社,1983
    190页;19cm
    
    
    ISBN :CNY0.70
    
●
相关链接 在E读中查询图书 在五车中查询图书 在当当中查询图书 在豆瓣中查询图书


正题名:《资本论》中几个基本原理的通俗讲话     索取号:A81/JY10         预约/预借

序号 登录号 条形码 馆藏地/架位号 状态 备注
1 7809454   278094544   学院路分馆/ [索取号:A81/JY10] 在馆    
2 7809455   278094553   学院路分馆/ [索取号:A81/JY10] 在馆    
唐山师范学院图书馆 欢迎您!
大连网信软件有限公司© 版权所有